Tilastot visalle Afrikan valtiot

Klikkaa tästä pelataksesi tätä visaa!

Yleistilastot

  • Tätä visaa on pelattu 20 305 kertaa
  • Keskiarvotulos 39 / 54

Vastaukset kartalla

Vastauksille on annettu kartalla punavihreä väri sen mukaan, kuinka moni on saanut sen oikein.
Ladataan ...
 

Vastaustilastot

Valtio% Oikein
Egypti
97%
Etelä-Afrikka
96%
Madagaskar
94%
Kongon demokraattinen
tasavalta
92%
Kongon tasavalta
92%
Niger
91%
Marokko
91%
Somalia
89%
Nigeria
89%
Algeria
88%
Sudan
86%
Libya
85%
Etiopia
84%
Kenia
84%
Norsunluurannikko
83%
Tunisia
82%
Namibia
77%
Keski-Afrikan tasavalta
77%
Etelä-Sudan
77%
Mali
77%
Tansania
76%
Angola
75%
Tšad
73%
Ghana
72%
Mauritania
71%
Eritrea
71%
Zimbabwe
70%
Guinea
70%
Uganda
69%
Liberia
68%
Sambia
68%
Senegal
66%
Mosambik
66%
Lesotho
65%
Gambia
65%
Togo
65%
Botswana
65%
Mauritius
64%
Benin
62%
Kap Verde
61%
Ruanda
61%
Päiväntasaajan Guinea
61%
Kamerun
60%
eSwatini
59%
Burkina Faso
56%
Malawi
56%
Guinea-Bissau
56%
Sierra Leone
55%
Djibouti
55%
Seychellit
53%
Burundi
51%
Gabon
51%
Komorit
47%
São Tomé ja Príncipe
45%

Tulosjakauma

Persentiili vastausten määrän mukaan

Jokaisen tuloksen saaneiden osuus

Tuloshistoriasi

Et ole pelannut tätä visaa